Marido y mujer meditan / (Record no. 34560)

MARC details
000 -LEADER
campo de control de longitud fija 00474nam a2200181 i 4500
001 - NÚMERO DE CONTROL
campo de control 34560
003 - IDENTIFICADOR DE NÚMERO DE CONTROL
campo de control ES-MaACL
005 - FECHA Y HORA DE LA ÚLTIMA TRANSACCIÓN
campo de control 20230906154944.0
007 - CAMPO FIJO DE DESCRIPCIÓN FÍSICA--INFORMACIÓN GENERAL
campo de control de longitud fija t|
008 - DATOS DE LONGITUD FIJA--INFORMACIÓN GENERAL
campo de control de longitud fija 030207s1967 sp ||||1| spa d
080 ## - NÚMERO DE LA CLASIFICACIÓN DECIMAL UNIVERSAL
Número de la Clasificación Decimal Universal 241.623
100 1# - ENTRADA PRINCIPAL--NOMBRE DE PERSONA
Nombre de persona Blázquez, Feliciano.
9 (RLIN) 29438
245 10 - MENCIÓN DEL TÍTULO
Título Marido y mujer meditan /
Mención de responsabilidad, etc. Feliciano Blázquez.
260 ## - PUBLICACIÓN, DISTRIBUCIÓN, ETC.
Lugar de publicación, distribución, etc. Madrid :
Nombre del editor, distribuidor, etc. Alameda,
Fecha de publicación, distribución, etc. [1967]
300 ## - DESCRIPCIÓN FÍSICA
Extensión 114 p. ;
Dimensiones 22 cm.
650 #4 - PUNTO DE ACCESO ADICIONAL DE MATERIA--TÉRMINO DE MATERIA
Término de materia o nombre geográfico como elemento de entrada Meditaciones.
9 (RLIN) 14983
852 4# - LOCALIZACIÓN
Ubicación ES-MaACL
Número de control de estantería C-32409
Holdings
Estatus retirado Estado de pérdida Estado de daño No para préstamo Biblioteca de origen Biblioteca actual Ubicación en estantería Fecha de adquisición Fuente de adquisición Total de préstamos Signatura topográfica completa Código de barras Visto por última vez Precio de reemplazo Tipo de ítem Koha
        Biblioteca del Ateneo de Madrid Biblioteca del Ateneo de Madrid Depósito 2 17/01/2008     C-32409 1036048 23/02/2023 23/02/2023 Libro impreso